书目信息 |
| 题名: |
天赋儿童的发现与培养
|
|
| 作者: | 伯杰 著 ;安徽教育学院外语系 译 | |
| 分册: | ||
| 出版信息: | 北京 知识出版社 1986 |
|
| 页数: | 67页 | |
| 开本: | 19cm | |
| 丛书名: | ||
| 单 册: | ||
| 中图分类: | G763 | |
| 科图分类: | ||
| 主题词: | 早慧儿童-智力开发 , 智力开发-早慧儿童 | |
| 电子资源: | ||
| ISBN: | ||
| 000 | 00764nam0 2200253 45 | |
| 001 | 0186017421 | |
| 005 | 20060606100947.14 | |
| 010 | @dCNY0.45 | |
| 091 | @a7214.62 | |
| 100 | @a19900802d1986 em y0chiy0121 ea | |
| 101 | 1 | @achi@ceng |
| 102 | @aCN@b110000 | |
| 105 | @ay z 000yy | |
| 200 | 10 | @a天赋儿童的发现与培养@Atian fu er tong de fa xian yu pei yang@f(美)吉尔达·伯杰著@F(mei)ji er da·bo jie zhu@g安徽教育学院外语系译 |
| 210 | @a北京@c知识出版社@d1986 | |
| 215 | @a67页@d19cm | |
| 606 | @a早慧儿童-智力开发 | |
| 606 | @a智力开发-早慧儿童 | |
| 690 | @aG763@v3 | |
| 701 | 0 | @a伯杰@Abo jie@4著 |
| 712 | 02 | @a安徽教育学院外语系@Aan hui jiao yu xue yuan wai yu xi@4译 |
| 801 | 2 | @aCN@bNLC@c20060606 |
| 801 | 0 | @aCN@bTSSF |
| 905 | @a10447@dG763@e13 | |
| 天赋儿童的发现与培养/(美)吉尔达·伯杰著/安徽教育学院外语系译.-北京:知识出版社,1986 |
| 67页;19cm |
| ISBN :CNY0.45 |
| ● |
| 相关链接 |
|
|
|
|
正题名:天赋儿童的发现与培养
索取号:G763/13
 
预约/预借
| 序号 | 登录号 | 条形码 | 馆藏地/架位号 | 状态 | 备注 |
| 1 | 0420373 | 204203735 | 密集书库/ [索取号:G763/13] | 在馆 |